Nationalhymnen zuordnen (Europa) - Statistiken

Allgemein
  • Dieses Quiz wurde 90 mal gespielt
    89 seit der letzten Aktualisierung
  • Das Durchschnittsergebnis liegt bei 15 aus 45
Antworten auf der Karte
Die Antworten werden auf der Karte rot bzw. grün angezeigt, abhängig davon wie oft sie richtig erraten wurden.
 
Antwortstatistiken
Antwort % Korrekt
Lied der Deutschen
83%
Portugallied
81%
Marseillaise
80%
Österreichische Bundeshymne
80%
Noch sind der Ukraine Ruhm und Freiheit nicht gestorben
78%
Hymne der Russischen Förderation
77%
Wir Belarussen
77%
Erwache, Rumäne
75%
Schweizerpsalm
75%
Das Lied der Italiener
73%
Gott segne Lettland
69%
Die Hymne Maltas
67%
Monegassische Hymne
66%
Gott schütze den König
61%
Heute über Mazedonien
61%
Oben am jungen Rhein
50%
Dabrowski-Mazurka
47%
Wilhelmlied
39%
Brabantlied
36%
Königlicher Marsch
36%
Hymne und Pontifikalmarsch
28%
Du alter, du freier
27%
Es blitzt über der Tatra
25%
Ja, wir lieben dieses Land
16%
Wo ist mein Heimatland?
16%
Der große Karl der Große
11%
Es gibt ein liebliches Land
11%
Hymne
11%
Intermezzo
9%
Das Soldatenlied
6%
Lobgesang
6%
Unsere Heimat
6%
Unsere Sprache
6%
Europa
5%
Hymne an die Flagge
5%
Nationalhymne der Republik
5%
Unser schönes Heimatland
5%
Prost
3%
Unser Land
3%
Das Nationallied
2%
Gott der Gerechtigkeit
2%
Mein Heimatland, mein Glück und meine Freude
2%
Ode an die Freiheit
2%
Oh, du helle Morgenröte im Mai
2%
Liebe Heimat
0%
Keine übereinstimmenden Quizze gefunden
Verteilung der Resultate
Anzahl Personen mit jedem Resultat
Perzentil nach korrekt beantworteten Fragen
Ihre Resultats-Entwicklung
Sie haben dieses Quiz seit der letzten Aktualisierung nicht gespielt